ARRUPE JESUIT UNIVERSITY

CORONAVIRUS -STOP THE SPREAD - CLEAN,DISINFECT,COVER

When a crocodile eats the sun : (Record no. 119472)

MARC details
000 -LEADER
fixed length control field 01394cam a2200385 a 4500
001 - CONTROL NUMBER
control field 16511561
003 - CONTROL NUMBER IDENTIFIER
control field ARRUPE
005 - DATE AND TIME OF LATEST TRANSACTION
control field 20131220162333.0
008 - FIXED-LENGTH DATA ELEMENTS--GENERAL INFORMATION
fixed length control field 101021s2006 sa abcf 000 0aeng
010 ## - LIBRARY OF CONGRESS CONTROL NUMBER
LC control number 2010503801
020 ## - INTERNATIONAL STANDARD BOOK NUMBER
International Standard Book Number 1770100040
020 ## - INTERNATIONAL STANDARD BOOK NUMBER
International Standard Book Number 9781770100046
040 ## - CATALOGING SOURCE
Original cataloging agency DLC
Transcribing agency DLC
042 ## - AUTHENTICATION CODE
Authentication code pcc
043 ## - GEOGRAPHIC AREA CODE
Geographic area code f-rh---
-- fs-----
050 00 - LIBRARY OF CONGRESS CALL NUMBER
Classification number DT2999.G65
Item number A3 2006
300 ## - PHYSICAL DESCRIPTION
Dimensions ill., maps, ports. ;
-- 24 cm.
100 1# - MAIN ENTRY--PERSONAL NAME
Personal name Godwin, Peter,
Dates associated with a name 1957-
9 (RLIN) 6419
245 10 - TITLE STATEMENT
Title When a crocodile eats the sun :
Remainder of title a memoir /
Statement of responsibility, etc Peter Godwin.
260 ## - PUBLICATION, DISTRIBUTION, ETC. (IMPRINT)
Place of publication, distribution, etc Johannesburg :
Name of publisher, distributor, etc Picador Africa,
Date of publication, distribution, etc 2006.
300 ## - PHYSICAL DESCRIPTION
Extent 341 p., [8] p. of plates :
600 10 - SUBJECT ADDED ENTRY--PERSONAL NAME
Personal name Godwin, Peter,
Dates associated with a name 1957-
9 (RLIN) 6420
600 10 - SUBJECT ADDED ENTRY--PERSONAL NAME
Personal name Godwin, Peter,
Dates associated with a name 1957-
General subdivision Family.
9 (RLIN) 6421
600 10 - SUBJECT ADDED ENTRY--PERSONAL NAME
Personal name Godwin, Peter,
Dates associated with a name 1957-
General subdivision Travel
Geographic subdivision Africa, Southern.
9 (RLIN) 6422
650 #0 - SUBJECT ADDED ENTRY--TOPICAL TERM
Topical term or geographic name as entry element Family secrets
Geographic subdivision Zimbabwe
Form subdivision Case studies.
9 (RLIN) 6423
650 #0 - SUBJECT ADDED ENTRY--TOPICAL TERM
Topical term or geographic name as entry element Fathers and sons
Geographic subdivision Zimbabwe
Form subdivision Case studies.
9 (RLIN) 6424
650 #0 - SUBJECT ADDED ENTRY--TOPICAL TERM
Topical term or geographic name as entry element Whites
Geographic subdivision Zimbabwe
Form subdivision Biography.
9 (RLIN) 6425
650 #0 - SUBJECT ADDED ENTRY--TOPICAL TERM
Topical term or geographic name as entry element Journalists
Form subdivision Biography.
9 (RLIN) 6426
651 #0 - SUBJECT ADDED ENTRY--GEOGRAPHIC NAME
Geographic name Zimbabwe
General subdivision History
Chronological subdivision 1980-
Form subdivision Biography.
9 (RLIN) 6427
651 #0 - SUBJECT ADDED ENTRY--GEOGRAPHIC NAME
Geographic name Harare (Zimbabwe)
Form subdivision Biography.
9 (RLIN) 6428
651 #0 - SUBJECT ADDED ENTRY--GEOGRAPHIC NAME
Geographic name Zimbabwe
General subdivision Social conditions
Chronological subdivision 1980-
9 (RLIN) 6429
651 #0 - SUBJECT ADDED ENTRY--GEOGRAPHIC NAME
Geographic name Africa, Southern
General subdivision Description and travel.
9 (RLIN) 6430
906 ## - LOCAL DATA ELEMENT F, LDF (RLIN)
a 7
b cbc
c origres
d 3
e ncip
f 20
g y-gencatlg
942 ## - ADDED ENTRY ELEMENTS (KOHA)
Source of classification or shelving scheme Library of Congress Classification
Koha item type Monograph ( Printed materials)
Holdings
Withdrawn status Lost status Source of classification or shelving scheme Damaged status Not for loan Collection code Home library Current library Shelving location Date acquired Total Checkouts Full call number Barcode Date last seen Price effective from Koha item type
    Library of Congress Classification     Main Collection ARRUPE LIBRARY ARRUPE LIBRARY Main Collection 20/12/2013   DT2999.G65 A3 2006 464122436 28/09/2021 20/12/2013 Monograph ( Printed materials)
    Library of Congress Classification     Main Collection ARRUPE LIBRARY ARRUPE LIBRARY Main Collection 25/09/2019   DT2999.G65 A3 2006 46600002408 25/09/2019 25/09/2019 Monograph ( Printed materials)

 

Arrupe Library. PO Box MP320 Mt Pleasant, Harare, Zimbabwe
263 242 745411|librarian@aju.ac.zw